1407 1925 1221 1633 1185 1275 1249 1389 1393 1412 1314 1504 1192 1732 1281 1858 1598 1058 1318 1874 1849 1903 1462 1616 1794 1708 1346 1511 1642 1650 1298 1611 1290 1715 1360 1111 1737 1306 1306 1054 1951 1208 1975 1836 1963 1539 1994 1156 1819 1893 1459 1387 1017 1395 1615 1424 1210 1862 1352 1801 1183 1575 1490 1461 1602 1486 1356 1257 1566 1698 1100 1747 1755 1497 1305 1422 1638 1666 1729 1435 1480 1392 1796 1210 1301 1543 1030 1714 1898 1892 1508 1692 1310 1273 1484 1370 1631 1800 1412 BCNSPRNW ULIB Ver.6.0+V

เปลี่ยนเป็นภาษาไทย

Change to English
 แสดงรายละเอียดบรรณานุกรม
  กลับหน้าหลัก

Brief Record : Get Marc (ISO 2709) : E-mail record : QR code < ปิดหน้าต่าง
LEADER : 00000nam 2200000uu 4500
001    13399113063
003     ULIB
008    110922s2546||||th 000 0 tha d
020    9749177169
050  4 PE1128^bก669T 2546
100 0  กิตติ์ จิรติกุล
245 10 TOEFL Listening Tests /^cกิตติ์ จิรติกุล
250    พิมพ์ครั้งที่ 1
260    กรุงเทพฯ :^bดวงกมลสมัย,^c2546
300    220 หน้า :^bภาพประกอบ ;^c26 ซม. +^eซีดี-รอม 2 แผ่น
650  4 ภาษาอังกฤษ^xข้อสอบและเฉลย
650  4 ภาษาอังกฤษ^xไวยากรณ์
650  4 ภาษาอังกฤษ^xการใช้ภาษา
945    ^p359^l0^i020209
995    ทศพร
999 ^a ทศพร
รายการนี้ยังไม่มีแท็ก
คุณยังไม่ได้ล็อกอิน คุณสามารถมีกิจกรรมร่วมกับเว็บไซต์ได้ แต่ต้องล็อกอินก่อน ::
  ล็อกอิน

รายการสื่อสารสนเทศ

ลำดับที่ ประเภท เลขเรียก/บาร์โค้ด สถานที่ สถานะ
- ไม่พบข้อมูล -

รายการใกล้เคียง
    ผู้แต่ง [กิตติ์ จิรติกุล]

    หัวเรื่อง [ภาษาอังกฤษ การใช้ภาษา]

BibComment


ยังไม่เคยถูกคอมเมนท์

คอมเมนท์ทรัพยากรรายการนี้
  คอมเมนท์: TOEFL Listening T..


 Copyright 2026. Bcnsprnw @Library